| 000 | 01559nam0a22003491 4500 | ||
|---|---|---|---|
| 001 | rc\4761396 | ||
| 005 | 20250613074935.0 | ||
| 021 |
_aRU _b[62-70890] |
||
| 035 | _a(NLR Aleph) 009017136 | ||
| 090 |
_a9404844 _c9404844 |
||
| 100 | _a20130417d1962 |||y0rusy50 ca | ||
| 101 | 0 | _arus | |
| 102 | _aRU | ||
| 105 | _ay b ||||| | ||
| 200 | 1 |
_aДеактивация платиновых катализаторов риформинга _fГос. ком. Совета Министров СССР по топливной пром-сти. Ин-т техн. информации и экон. исследований по нефт. и газовой пром-сти "ИТЭИНефтегаз" |
|
| 210 |
_aМосква _cГосИНТИ _d1962 |
||
| 215 |
_a21 с. _cграф. _d22 |
||
| 225 | 1 |
_aПеревод _v№ 24/62П _i[Нефтепереработка] |
|
| 300 | _aСтатья из "Industrial and engineering chemistry", 1961, vol. 53, № 4 | ||
| 300 | _aПеред загл. авт.: С. Майерс, В. Ланг, Р. Вейц | ||
| 300 | _aНа обл. авт. не указаны | ||
| 320 | _aБиблиогр.: с. 20-21 (12 назв.) | ||
| 606 |
_aКатализаторы реформинга платиновые _xСтарение _2psbo |
||
| 606 |
_aРеформинг-процесс каталитический _2psbo |
||
| 700 | 1 |
_aМайерс _bС. |
|
| 701 | 1 |
_aЛанг _bВ. |
|
| 701 | 1 |
_aВейц _bР. |
|
| 801 | 0 |
_aRU _bNLR _gpsbo |
|
| 801 | 1 |
_aRU _bELAR _2rusmarc |
|
| 852 |
_aNLR _j62-6/11126 |
||
| 942 | _cBOOK | ||
| 980 | _aNB | ||